export_success — 

Keeping Track of Time : Daily Time Management, Participation, and Time-Related Interventions for Children, Adolescents, and Young Adults with Neurodevelopmental Disorders.

Bibliographic Details
Main Author: Wennberg, Birgitta.
Format: eBook
Language:English
Published: Linköping : Linkopings Universitet, 2019.
Edition:1st ed.
Series:Linköping University Medical Dissertations Series
Subjects:
Online Access:Click to View
LEADER 02171nam a22003733i 4500
001 EBC5983931
003 MiAaPQ
005 20240729202202.0
006 m o d |
007 cr cnu||||||||
008 240729s2019 xx o ||||0 eng d
020 |a 9789179299552  |q (electronic bk.) 
035 |a (MiAaPQ)EBC5983931 
035 |a (Au-PeEL)EBL5983931 
035 |a (OCoLC)1129181313 
040 |a MiAaPQ  |b eng  |e rda  |e pn  |c MiAaPQ  |d MiAaPQ 
100 1 |a Wennberg, Birgitta. 
245 1 0 |a Keeping Track of Time :  |b Daily Time Management, Participation, and Time-Related Interventions for Children, Adolescents, and Young Adults with Neurodevelopmental Disorders. 
250 |a 1st ed. 
264 1 |a Linköping :  |b Linkopings Universitet,  |c 2019. 
264 4 |c {copy}2019. 
300 |a 1 online resource (79 pages) 
336 |a text  |b txt  |2 rdacontent 
337 |a computer  |b c  |2 rdamedia 
338 |a online resource  |b cr  |2 rdacarrier 
490 1 |a Linköping University Medical Dissertations Series ;  |v v.1717 
505 0 |a Effectiveness of time-related interventions in children with ADHD aged 9-15 years: a randomized controlled study -- Abstract -- Introduction -- Aim -- Method -- Study design -- Study population and recruitment -- Procedure and intervention -- Treatment integrity -- Subjects -- Instruments -- Statistical analysis -- Results -- Intervention fidelity -- Time-processing ability -- Daily time management -- Dropouts -- Discussion -- Methodological considerations -- Conclusions -- Acknowledgements -- References. 
588 |a Description based on publisher supplied metadata and other sources. 
590 |a Electronic reproduction. Ann Arbor, Michigan : ProQuest Ebook Central, 2024. Available via World Wide Web. Access may be limited to ProQuest Ebook Central affiliated libraries.  
655 4 |a Electronic books. 
776 0 8 |i Print version:  |a Wennberg, Birgitta  |t Keeping Track of Time  |d Linköping : Linkopings Universitet,c2019 
797 2 |a ProQuest (Firm) 
830 0 |a Linköping University Medical Dissertations Series 
856 4 0 |u https://ebookcentral.proquest.com/lib/matrademy/detail.action?docID=5983931  |z Click to View